В степи бескрайной за Уралом...: избранные произведения периода ссылки. 1847-1857; Адреса горя и борьбы
| מחבר ראשי: | |
|---|---|
| מחברים אחרים: | |
| סיכום: | На пер. авт. не указан Загл. указано на корешке Переводчики указаны в содержании В суперобложке. |
| שפה: | רוסית |
| יצא לאור: |
Челябинск, Южно-Уральское кн. изд-во, 1980
|
| TOC: | Л. Н. Большаков, Адреса горя и борьбы; |
| נושאים: | |
| פורמט: | ספר |
| KOHA link: | https://koha.lib.tpu.ru/cgi-bin/koha/opac-detail.pl?biblionumber=374303 |
MARC
| LEADER | 00000nam0a2200000 4500 | ||
|---|---|---|---|
| 001 | 374303 | ||
| 005 | 20231102012636.0 | ||
| 010 | |b 5000 экз. | ||
| 035 | |a (RuTPU)RU\TPU\retro\31737 | ||
| 035 | |a RU\TPU\book\273754 | ||
| 090 | |a 374303 | ||
| 100 | |a 20221219d1980 m y0rusy50 ca | ||
| 101 | 1 | |a rus |c ukr | |
| 102 | |a RU | ||
| 105 | |a ac z 000zb | ||
| 200 | 1 | |a В степи бескрайной за Уралом... |e избранные произведения периода ссылки. 1847-1857 |f Т. Г. Шевченко |g рисунки Л. Д. Бирюкова | |
| 210 | |a Челябинск |c Южно-Уральское кн. изд-во |d 1980 | ||
| 215 | |a 333 с. |c ил., портр. |d 13 см. | ||
| 300 | |a На пер. авт. не указан | ||
| 300 | |a Загл. указано на корешке | ||
| 300 | |a Переводчики указаны в содержании | ||
| 300 | |a В суперобложке. | ||
| 464 | |t Адреса горя и борьбы |f Л. Н. Большаков | ||
| 600 | 1 | |a Шевченко |g Тарас Григорьевич |b Т. Г. |c украинский поэт |f 1814-1861 |c художник |2 stltpush |3 (RuTPU)RU\TPU\pers\1608 | |
| 606 | 1 | |a Украинская литература |2 stltpush |3 (RuTPU)RU\TPU\subj\62974 |9 80028 | |
| 610 | 1 | |a 19 век | |
| 610 | 1 | |a Оренбургская губерния | |
| 610 | 1 | |a краеведение | |
| 610 | 1 | |a миниатюрные издания | |
| 675 | |a 883 |v 3 | ||
| 700 | 1 | |a Шевченко |b Т. Г. |c украинский поэт |c художник |f 1814-1861 |g Тарас Григорьевич |2 stltpush |3 (RuTPU)RU\TPU\pers\1608 |9 691 | |
| 702 | 1 | |a Бирюков |b Л. Д. |4 440 | |
| 801 | 1 | |a RU |b 63413507 |c 20140221 | |
| 801 | 2 | |a RU |b 63413507 |c 20221219 |g RCR | |
| 942 | |c BK | ||